Hidden TDS Enemies - Statistics

General Stats
  • This quiz has been taken 6 times
  • The average score is 14 of 26
Answer Stats
Answer % Correct
Hidden
100%
Hidden Boss
100%
Fallen Soul
80%
Invisible
80%
Shadow
80%
Shadow Boss
80%
Soul
80%
Soul Boss
80%
Elite Molten
60%
Fallen Summoner (Ghost Mode)
60%
Ghost
60%
Lurker
60%
Necrotic Skeleton
60%
Possessed Armor (Armorless)
60%
Skeleton
60%
Fallen Skeleton
40%
Molten Demon
40%
Molten Hound
40%
Slime
40%
Sock Puppet
40%
Breaker2
20%
Enraged
20%
Hazmat
20%
Reaper
20%
Reaver
20%
Shotgunner
20%
No matching quizzes found
Score Distribution
Percent of People with Each Score
Percentile by Number Answered
Your Score History
You have not taken this quiz